Chargement en cours...
India's search for power Indira Gandhi's foreign policy 1966-1982.
| Auteur principal: | |
|---|---|
| Format: | Printed Book |
| Publié: |
New Delhi:
Sage;
1984.
|
| Sujets: |
| LEADER | 00497nam a22001457a 4500 | ||
|---|---|---|---|
| 020 | |a 0803994761 | ||
| 082 | |a 327.54 |b MAN/I | ||
| 100 | |a Mansingh, Surjit | ||
| 245 | |a India's search for power |b Indira Gandhi's foreign policy 1966-1982. | ||
| 260 | |a New Delhi: |b Sage; |c 1984. | ||
| 300 | |a 405p.: | ||
| 650 | |a Indira Gandhi | ||
| 942 | |2 ddc |c BK | ||
| 999 | |c 149316 |d 149316 | ||
| 952 | |0 0 |1 0 |4 0 |6 327_540000000000000_MAN_I |7 0 |9 159526 |a MCJ |b MCJ |c ST1 |d 2011-12-03 |i 808 |l 0 |o 327.54 MAN/I |p MCJ808 |r 2014-06-21 |w 2014-06-21 |y BK | ||